| 000 | 00621cam a2200193 4500 | ||
|---|---|---|---|
| 001 | J119821 | ||
| 008 | 020924n2002 000 0 eng u | ||
| 035 | _a(Sirsi) u119821 | ||
| 050 | _a333.0023 | ||
| 110 |
_aRoyal Institution of Chartered Surveyors _bCommercial Property Faculty _94355 |
||
| 245 | _aFaculty profile | ||
| 260 |
_aLondon _bRICS _c2002 |
||
| 300 |
_a1 folded sheet _c11 x 30cm. |
||
| 490 | _aFaculty Profile | ||
| 520 | _aPublicity leaflet outlining the role and function of the RICS Commercial Property Faculty. | ||
| 650 | _aRICS COMMERCIAL PROPERTY FACULTY | ||
| 690 | _aRICS NEWS | ||
| 942 | _n0 | ||
| 999 |
_c102414 _d102414 |
||